Člověk omezené důstojnosti /
Příběh intelektuála ve středním věku, který přijde o práci a má strach ze ztráty společenské prestiže a sebedůvěry. Tu se snaží znovu získat tak, jak to bývá obvyklé: snaží se dokázat sobě i svému okolí, že „na to ještě pořád má...“ Situace jej však staví před mor...
Uloženo v:
| Hlavní autor: | |
|---|---|
| Médium: | E-kniha |
| Jazyk: | Czech |
| Vydáno: |
Praha :
Viking,
2014
|
| Tagy: |
Žádné tagy |
| LEADER | 01385nam a22002297i 4500 | ||
|---|---|---|---|
| 001 | 308580 | ||
| 007 | ta | ||
| 008 | 260601s2014 xr ||||| |||| 00| 0 cze d | ||
| 020 | |a 9788074821318 | ||
| 044 | |a xr | ||
| 100 | 1 | |a Jandovský, Miroslav |4 aut | |
| 245 | 1 | 0 | |a Člověk omezené důstojnosti / |c Jandovský, Miroslav |
| 264 | 1 | |a Praha : |b Viking, |c 2014 | |
| 300 | |a 1 online zdroj (235 stran) | ||
| 336 | |a text |b txt |2 rdacontent | ||
| 337 | |a bez média |b n |2 rdamedia | ||
| 338 | |a online zdroj |b cr |2 rdacarrier | ||
| 520 | 2 | |a Příběh intelektuála ve středním věku, který přijde o práci a má strach ze ztráty společenské prestiže a sebedůvěry. Tu se snaží znovu získat tak, jak to bývá obvyklé: snaží se dokázat sobě i svému okolí, že „na to ještě pořád má...“ Situace jej však staví před morální dilemata, jejichž zvládání předpokládá mít sílů – a té je pomálu – a z nichž náš hrdina ne vždy vychází se ctí... | |
| 910 | |a RBIT002 | ||
| 998 | |d 13338 |a https://core.palmknihy.cz/api/books/13338/cover?xy7fn1 |b https://core.palmknihy.cz/api/books/13338/cover/400?9ixsw0 |c https://core.palmknihy.cz/api/books/13338/cover/50?65bm8q |e |g 235 |i 9788074821318 |j https://core.palmknihy.cz/api/books/13338/preview.epub |l |q 49 |r 1 |s https://www.palmknihy.cz/kniha/13338 |t ebook |y 2014 |z 1 | ||
| 999 | |d 308578 | ||